Seeing Blind - Niall Horan (Lyrics) - Statistics

General Stats
  • This quiz has been taken 94 times
  • The average score is 215 of 240
Answer Stats
% Correct
a
100%
| [Verse 1] | [Verse 2] I
100%
in
100%
my
100%
[Bridge] | [Chorus] Oh
100%
see
100%
to
100%
you
100%
all
97%
be
97%
blind
97%
can't
97%
have
97%
it
97%
seein'
97%
the
97%
too
97%
eyes
94%
good
94%
me
94%
must
94%
on
94%
paper
94%
surprise
94%
your
94%
dreams
92%
never
92%
no
92%
seen
92%
And
89%
heard
89%
speak
89%
took
89%
believe
86%
But
86%
by
86%
just
86%
million
86%
mine
86%
words
86%
you're
86%
Now
83%
look
81%
first
78%
Watched
78%
could
75%
from
75%
I'm
75%
of
75%
screen
75%
talkin'
75%
point
72%
lookin'
69%
thought
69%
understood
69%
view
69%
was
69%
would
69%
different
67%
run
67%
unfold
67%
always
64%
fun
64%
knew
64%
lovin'
64%
young
64%
heart
61%
true
58%
make
56%
Feels
44%
missin'
42%
piece
36%
found
33%
into
33%
When
33%
describe
31%
It's
31%
Hey
25%
sight
25%
No matching quizzes found
Score Distribution
Percent of People with Each Score
Percentile by Number Answered
Your Score History
You have not taken this quiz